| 000 | 00916cam a22002531i 4500 | ||
|---|---|---|---|
| 003 | SA-RiAUC | ||
| 005 | 20241208085533.0 | ||
| 008 | 241205s1980 su g 00000 ara c | ||
| 040 |
_aSA-JeALM _bara _cSA-RiAUC _erda |
||
| 082 | 0 | 4 |
_a338.9 _qSA-RiAUC |
| 090 |
_a338.9 _bس ف ر |
||
| 100 | 1 |
_aسفر، محمود محمد، _d1358-1444 هجري _eمؤلف. |
|
| 245 | 1 | 2 |
_aالتنمية قضية / _cمحمود محمد سفر. |
| 264 | 1 |
_aجدة، السعودية : _bتهامة، _c1980 |
|
| 300 |
_a79 صفحة ؛ _c22 سم. |
||
| 336 |
_aنص _btxt _2rdacontent _3كتاب |
||
| 337 |
_aبدون وسيط _bn _2rdamedia |
||
| 338 |
_aمجلد _bnc _2rdacarrier |
||
| 490 | 1 |
_aالكتاب العربي السعودي ؛ _v4 |
|
| 650 | 7 |
_aالتنمية الاقتصادية _2aucsh |
|
| 830 | 2 |
_aالكتاب العربي السعودي _v4 |
|
| 942 |
_2ddc _cBOOK _n0 |
||
| 949 |
_aSA-JeALM _d241205 _uosman123 _n1 |
||
| 999 |
_c3109 _d3109 |
||